[Event "Benidorm 2015 - sub2300"]
[Site "Benidorm ESP"]
[Date "2015.11.30"]
[Round "3.3"]
[White "Perez Garcia, Alejandro"]
[Black "Uribe Arteaga, Daniel"]
[Result "1/2-1/2"]
[WhiteElo "2275"]
[BlackElo "2218"]
[PlyCount "131"]
[EventDate "2015.11.28"]
[EventType "swiss"]
[EventRounds "10"]
[EventCountry "ESP"]
[Source "lmi"]
[SourceDate "2015.11.28"]

1. d4 Nf6 2. c4 c5 3. Nf3 cxd4 4. Nxd4 b6 5. Nc3 Bb7 6. Bg5 e6 7. Qd2 a6 8. f3
Be7 9. e4 d6 10. Be2 Nbd7 11. O-O O-O 12. Kh1 Rc8 13. a4 Qc7 14. Rfc1 Rfe8 15.
a5 Ne5 16. axb6 Qxb6 17. Be3 Qd8 18. b3 d5 19. f4 Neg4 20. e5 Nxe3 21. exf6
Bxf6 22. Qxe3 dxc4 23. Nf3 cxb3 24. Rab1 Bxf3 25. Bxf3 Bd4 26. Qd3 Qb6 27. Na4
Rxc1+ 28. Rxc1 Qb4 29. Qxa6 b2 30. Rb1 g6 31. h3 Rd8 32. Bc6 Bf6 33. Nxb2 Bxb2
34. Qb5 Qxb5 35. Bxb5 Rd2 36. Kh2 h5 37. Kg3 h4+ 38. Kf3 Bd4 39. Be2 Rc2 40.
Rd1 Bf6 41. Rd3 Kg7 42. Rb3 Rd2 43. Rd3 Rb2 44. Ra3 Rb4 45. Rd3 Be7 46. Rc3 Bd6
47. Bc4 Kf6 48. Rc2 g5 49. fxg5+ Kxg5 50. Bd3 Bb8 51. Rc4 Rb3 52. Ke2 Bg3 53.
Rg4+ Kf6 54. Rc4 Rb2+ 55. Bc2 Ke5 56. Kd3 Ra2 57. Re4+ Kd6 58. Rd4+ Ke7 59. Rc4
f5 60. Rb4 e5 61. Rb6 e4+ 62. Kc3 Be5+ 63. Kd2 e3+ 64. Kd3 e2 65. Rb1 Bg3 66.
Bb3 1/2-1/2

[Event "Benidorm 2015 - sub2300"]
[Site "Benidorm ESP"]
[Date "2015.11.30"]
[Round "3.4"]
[White "Lornye, Pylyp"]
[Black "Bomans, Arno"]
[Result "0-1"]
[WhiteElo "2210"]
[BlackElo "2272"]
[PlyCount "48"]
[EventDate "2015.11.28"]
[EventType "swiss"]
[EventRounds "10"]
[EventCountry "ESP"]
[Source "lmi"]
[SourceDate "2015.11.28"]

1. Nf3 f5 2. e4 fxe4 3. Ng5 Nc6 4. d3 e3 5. Bxe3 e5 6. Be2 Nf6 7. O-O Be7 8. f4
O-O 9. fxe5 Nd5 10. Rxf8+ Qxf8 11. Bc1 Nf4 12. Nf3 d6 13. Bxf4 Qxf4 14. exd6
Bxd6 15. Qd2 Nd4 16. Bd1 Nxf3+ 17. Bxf3 Qd4+ 18. Kf1 Qxb2 19. Qe1 Bd7 20. Nd2
Qxc2 21. Qe2 Re8 22. Be4 Qc5 23. Nf3 Bc6 24. Re1 Rxe4 0-1

[Event "Benidorm 2015 - sub2300"]
[Site "Benidorm ESP"]
[Date "2015.11.30"]
[Round "3.5"]
[White "Vidal Zamora, Alex"]
[Black "Cano Gimenez, Vicente"]
[Result "0-1"]
[WhiteElo "2203"]
[BlackElo "2254"]
[PlyCount "78"]
[EventDate "2015.11.28"]
[EventType "swiss"]
[EventRounds "10"]
[EventCountry "ESP"]
[Source "lmi"]
[SourceDate "2015.11.28"]

1. e4 c5 2. Nf3 Nc6 3. Bb5 g6 4. O-O Bg7 5. c3 Nf6 6. Re1 O-O 7. d4 cxd4 8.
cxd4 d5 9. e5 Ne4 10. Nc3 Nxc3 11. bxc3 Qa5 12. Qb3 Bg4 13. Nd2 Be6 14. Bxc6
bxc6 15. Qb4 Qxb4 16. cxb4 Rfb8 17. Ba3 a5 18. bxa5 Rxa5 19. Bxe7 Bf8 20. Bxf8
Kxf8 21. Nb3 Ra4 22. f3 Bf5 23. g4 Bc8 24. Rec1 Rb6 25. Kf2 Ke7 26. Ke3 Ba6 27.
Rc3 Ra3 28. Kd2 Bc4 29. Kc2 Bxb3+ 30. Kb2 Rxa2+ 31. Rxa2 Bxa2+ 32. Kxa2 Rb4 33.
Rd3 g5 34. Rd1 Ke6 35. Ka3 Rc4 36. Kb3 c5 37. dxc5 Rxc5 38. Re1 d4 39. Re4 Kd5
0-1

[Event "Benidorm 2015 - sub2300"]
[Site "Benidorm ESP"]
[Date "2015.11.30"]
[Round "3.6"]
[White "Sanchez Jerez, Emilio Miguel"]
[Black "Kalashnikov, Alexey L"]
[Result "1-0"]
[WhiteElo "2243"]
[BlackElo "2192"]
[PlyCount "71"]
[EventDate "2015.11.28"]
[EventType "swiss"]
[EventRounds "10"]
[EventCountry "ESP"]
[Source "lmi"]
[SourceDate "2015.11.28"]

1. Nc3 e5 2. e4 Nf6 3. Nf3 Nc6 4. d4 exd4 5. Nxd4 Bb4 6. Nxc6 bxc6 7. Bd3 d5 8.
exd5 cxd5 9. O-O O-O 10. h3 Be6 11. Qf3 Be7 12. Bf4 c6 13. Rfe1 Re8 14. Ne2 Qb6
15. b3 Ne4 16. Ng3 Nxg3 17. Qxg3 Bf6 18. Be5 Bxe5 19. Rxe5 g6 20. Rae1 Bd7 21.
h4 Qb4 22. Rxe8+ Rxe8 23. Rxe8+ Bxe8 24. Qe3 Qb8 25. h5 Bd7 26. h6 a5 27. c3
Qf8 28. Qb6 Be6 29. Qxa5 Qxh6 30. Qa8+ Kg7 31. Qxc6 Qd2 32. Bf1 Qxa2 33. b4 Qd2
34. Qc5 Qc1 35. b5 Bf5 36. b6 1-0

[Event "Benidorm 2015 - sub2300"]
[Site "Benidorm ESP"]
[Date "2015.11.30"]
[Round "3.7"]
[White "Madina Yadarola, Martin"]
[Black "Roig Aguilar, Alejandro"]
[Result "1/2-1/2"]
[WhiteElo "2237"]
[BlackElo "2185"]
[PlyCount "71"]
[EventDate "2015.11.28"]
[EventType "swiss"]
[EventRounds "10"]
[EventCountry "ESP"]
[Source "lmi"]
[SourceDate "2015.11.28"]

1. Nf3 c5 2. b3 d6 3. c4 e5 4. Nc3 g6 5. d3 Bg7 6. Bd2 Nc6 7. g3 Nge7 8. Bg2
O-O 9. O-O h6 10. Ne1 Be6 11. Nd5 Rb8 12. Nc2 b5 13. Rb1 b4 14. Nce3 Qd7 15.
Re1 f5 16. Nxe7+ Nxe7 17. f4 exf4 18. gxf4 d5 19. cxd5 Nxd5 20. Nxd5 Bxd5 21.
e4 Bc6 22. Be3 Bd4 23. Bxd4 Qxd4+ 24. Kh1 Rbd8 25. Rc1 fxe4 26. Qg4 Rd6 27.
dxe4 Bd7 28. Qh4 Qf6 29. Qxh6 Qxf4 30. Qxf4 Rxf4 31. Rxc5 Rd2 32. Rd5 Rff2 33.
Rxd2 Rxd2 34. e5 Be6 35. Be4 Rxa2 36. Re3 1/2-1/2

[Event "Benidorm 2015 - sub2300"]
[Site "Benidorm ESP"]
[Date "2015.11.30"]
[Round "3.11"]
[White "Remolar Gallen, Jose"]
[Black "Lopez Rivera, Jesus"]
[Result "0-1"]
[WhiteElo "2292"]
[BlackElo "2163"]
[PlyCount "68"]
[EventDate "2015.11.28"]
[EventType "swiss"]
[EventRounds "10"]
[EventCountry "ESP"]
[Source "lmi"]
[SourceDate "2015.11.28"]

1. e4 c5 2. c3 d5 3. exd5 Qxd5 4. d4 Bf5 5. Nf3 Nc6 6. Be3 Nf6 7. Na3 cxd4 8.
Nb5 O-O-O 9. Nfxd4 Ng4 10. Nxf5 Qxf5 11. Qf3 Qxf3 12. gxf3 Nxe3 13. fxe3 e5 14.
a4 Bc5 15. Ke2 a6 16. Na3 Bxa3 17. Rxa3 Rd6 18. b4 Rhd8 19. Ra2 Kc7 20. Rg1 g6
21. Rc2 Rd1 22. b5 Ne7 23. Rg4 axb5 24. axb5 Kb6 25. Re4 f6 26. f4 Nd5 27. Bg2
Nxc3+ 28. Rxc3 R8d2+ 29. Kf3 Rg1 30. Bh3 Rxh2 31. fxe5 Rxh3+ 32. Kf2 f5 33. e6
fxe4 34. e7 Rhg3 0-1

[Event "Benidorm 2015 - sub2300"]
[Site "Benidorm ESP"]
[Date "2015.11.30"]
[Round "3.14"]
[White "Kolotilina, Liudmila"]
[Black "Dinu, Dumitru-Daniel"]
[Result "0-1"]
[WhiteElo "2122"]
[BlackElo "2268"]
[PlyCount "40"]
[EventDate "2015.11.28"]
[EventType "swiss"]
[EventRounds "10"]
[EventCountry "ESP"]
[Source "lmi"]
[SourceDate "2015.11.28"]

1. e4 c5 2. Nf3 Nc6 3. d4 cxd4 4. Nxd4 g6 5. Nc3 Bg7 6. Be3 Nf6 7. Nxc6 bxc6 8.
e5 Ng8 9. Bd4 f6 10. f4 Qa5 11. Qd2 fxe5 12. fxe5 c5 13. Bf2 Bxe5 14. Bc4 Nf6
15. O-O d6 16. Rac1 Ba6 17. Bxa6 Qxa6 18. Bg3 Bd4+ 19. Kh1 O-O 20. h3 Ne4 0-1

[Event "Benidorm 2015 - sub2300"]
[Site "Benidorm ESP"]
[Date "2015.11.30"]
[Round "3.15"]
[White "Gajic, Mladen"]
[Black "Tscharotschkin, Michael"]
[Result "1-0"]
[WhiteElo "2233"]
[BlackElo "2148"]
[PlyCount "39"]
[EventDate "2015.11.28"]
[EventType "swiss"]
[EventRounds "10"]
[EventCountry "ESP"]
[Source "lmi"]
[SourceDate "2015.11.28"]

1. e4 c5 2. c3 d5 3. exd5 Qxd5 4. d4 Nf6 5. Nf3 Bg4 6. dxc5 Qxd1+ 7. Kxd1 e5 8.
b4 e4 9. h3 Bh5 10. g4 Nxg4 11. hxg4 Bxg4 12. Nbd2 exf3 13. Bd3 Nc6 14. Re1+
Be7 15. Nc4 O-O-O 16. Kc2 Bf6 17. Bf4 Rd7 18. b5 Nb8 19. Nd6+ Kd8 20. Be4 1-0

[Event "Benidorm 2015 - sub2300"]
[Site "Benidorm ESP"]
[Date "2015.12.01"]
[Round "4.1"]
[White "Lopez Rivera, Jesus"]
[Black "Suarez Uriel, Adrian"]
[Result "1-0"]
[WhiteElo "2163"]
[BlackElo "2278"]
[PlyCount "57"]
[EventDate "2015.11.28"]
[EventType "swiss"]
[EventRounds "10"]
[EventCountry "ESP"]
[Source "lmi"]
[SourceDate "2015.11.28"]

1. e4 c5 2. Nf3 Nc6 3. d4 cxd4 4. Nxd4 g6 5. Nc3 Bg7 6. Nb3 Nf6 7. g4 d6 8. g5
Nd7 9. h4 a5 10. a4 Nb6 11. h5 Be6 12. Nd5 O-O 13. c3 Ne5 14. f4 Ned7 15. Qf3
Nxd5 16. exd5 Bf5 17. Be3 Re8 18. O-O-O Rc8 19. Bd4 e5 20. dxe6 Bxe6 21. Bxg7
Bxb3 22. hxg6 Bxd1 23. Qh3 h5 24. gxh6 fxg6 25. Kxd1 Nf6 26. Bd3 Ne4 27. Bd4
Kh7 28. f5 g5 29. Qh5 1-0

[Event "Benidorm 2015 - sub2300"]
[Site "Benidorm ESP"]
[Date "2015.12.01"]
[Round "4.2"]
[White "Bomans, Arno"]
[Black "Sanchez Jerez, Emilio Miguel"]
[Result "1/2-1/2"]
[WhiteElo "2272"]
[BlackElo "2243"]
[PlyCount "45"]
[EventDate "2015.11.28"]
[EventType "swiss"]
[EventRounds "10"]
[EventCountry "ESP"]
[Source "lmi"]
[SourceDate "2015.11.28"]

1. e4 e6 2. d4 d5 3. Nd2 Nf6 4. e5 Nfd7 5. Ngf3 c5 6. c3 Be7 7. Bd3 b6 8. O-O
Ba6 9. Ne1 Bxd3 10. Nxd3 Nc6 11. Qg4 g5 12. dxc5 bxc5 13. Qa4 Qc7 14. f4 c4 15.
Nf2 Nc5 16. Qd1 gxf4 17. Nf3 Nxe5 18. Bxf4 Nxf3+ 19. Qxf3 Qb6 20. Be5 f6 21.
Bxf6 Bxf6 22. Qxf6 Rf8 23. Qd4 1/2-1/2

[Event "Benidorm 2015 - sub2300"]
[Site "Benidorm ESP"]
[Date "2015.12.01"]
[Round "4.3"]
[White "Cano Gimenez, Vicente"]
[Black "Jordan Martinez, Miguel"]
[Result "1-0"]
[WhiteElo "2254"]
[BlackElo "2237"]
[PlyCount "113"]
[EventDate "2015.11.28"]
[EventType "swiss"]
[EventRounds "10"]
[EventCountry "ESP"]
[Source "lmi"]
[SourceDate "2015.11.28"]

1. Nf3 d5 2. g3 Nf6 3. Bg2 Bf5 4. c4 e6 5. O-O Nbd7 6. Nc3 c6 7. d4 dxc4 8. Bg5
Be7 9. Nd2 Nb6 10. e4 Bg4 11. Nf3 h6 12. Be3 O-O 13. h3 Bh5 14. g4 Bg6 15. Ne5
Bh7 16. Qe2 Nfd7 17. Nxc4 Nxc4 18. Qxc4 Nb6 19. Qb3 Kh8 20. Rfd1 Bd6 21. d5
exd5 22. exd5 c5 23. Nb5 Qf6 24. Nxd6 Qxd6 25. Rac1 Rfc8 26. Qb5 Nd7 27. Qxb7
Rab8 28. Qxa7 Rxb2 29. Qa3 Rbb8 30. Qc3 Ra8 31. Ra1 Ra4 32. Rdc1 f6 33. Qb3 Ra6
34. a4 Bg8 35. a5 Rca8 36. Qb5 Bf7 37. Bxc5 Nxc5 38. Qxc5 Qd8 39. Qc7 Bxd5 40.
Qxd8+ Rxd8 41. Rd1 Rad6 42. Rxd5 Rxd5 43. Bxd5 Rxd5 44. a6 Rd8 45. a7 Ra8 46.
Kg2 Kh7 47. Kf3 Kg6 48. Ra5 Kf7 49. Kf4 Ke6 50. Ra6+ Kf7 51. h4 Ke7 52. Kf5 Kf7
53. h5 g6+ 54. hxg6+ Kg7 55. f3 h5 56. gxh5 Kg8 57. h6 1-0

[Event "Benidorm 2015 - sub2300"]
[Site "Benidorm ESP"]
[Date "2015.12.01"]
[Round "4.4"]
[White "Ustianovich, Nazar"]
[Black "Lacrosse, Marc"]
[Result "1-0"]
[WhiteElo "2290"]
[BlackElo "2140"]
[PlyCount "95"]
[EventDate "2015.11.28"]
[EventType "swiss"]
[EventRounds "10"]
[EventCountry "ESP"]
[Source "lmi"]
[SourceDate "2015.11.28"]

1. Nf3 d5 2. d4 Nf6 3. c4 e6 4. g3 Be7 5. Bg2 O-O 6. O-O dxc4 7. Qc2 a6 8. Qxc4
b5 9. Qc2 Bb7 10. Bd2 Be4 11. Qc1 Nc6 12. Be3 Rc8 13. Rd1 Nd5 14. Nc3 Nxc3 15.
Qxc3 Nb4 16. Ne1 Nd5 17. Qb3 Nxe3 18. Qxe3 Bxg2 19. Nxg2 Qd6 20. Rac1 Rfd8 21.
Qb3 Qb6 22. e3 c5 23. dxc5 Rxd1+ 24. Rxd1 Qxc5 25. Ne1 Rd8 26. Rxd8+ Bxd8 27.
Nd3 Qc6 28. Qd1 Qd5 29. b3 Bf6 30. Qc2 h5 31. Nf4 Qf3 32. h4 e5 33. Nd3 g6 34.
Ne1 Qg4 35. Ng2 Kg7 36. e4 Qd7 37. Ne3 Qd4 38. Nd5 Qa1+ 39. Kg2 Qd4 40. Nc7 Bd8
41. Nxa6 Bb6 42. Nb8 Qd6 43. Nc6 Bd4 44. a4 bxa4 45. bxa4 Qf6 46. a5 Bxf2 47.
a6 Bb6 48. a7 1-0

[Event "Benidorm 2015 - sub2300"]
[Site "Benidorm ESP"]
[Date "2015.12.01"]
[Round "4.5"]
[White "Picazo Lopez, Juan Antonio"]
[Black "Perez Garcia, Alejandro"]
[Result "1-0"]
[WhiteElo "2191"]
[BlackElo "2275"]
[PlyCount "115"]
[EventDate "2015.11.28"]
[EventType "swiss"]
[EventRounds "10"]
[EventCountry "ESP"]
[Source "lmi"]
[SourceDate "2015.11.28"]

1. d4 d6 2. Nf3 Nf6 3. c4 Bf5 4. Nc3 g6 5. g3 Ne4 6. Nxe4 Bxe4 7. Bg2 Bg7 8.
O-O O-O 9. Bd2 c5 10. Bc3 Nc6 11. e3 Qb6 12. dxc5 dxc5 13. Bxg7 Kxg7 14. Qd2
Rad8 15. Qc3+ Kg8 16. Rfd1 Nb4 17. a3 Nd3 18. Rd2 Qc6 19. Rad1 Bxf3 20. Bxf3
Qxf3 21. Rxd3 Qxd1+ 22. Rxd1 Rxd1+ 23. Kg2 b6 24. Qe5 Re8 25. h4 h5 26. f4 f5
27. e4 Rd2+ 28. Kh3 fxe4 29. Qe6+ Kg7 30. f5 gxf5 31. Qe5+ Kg8 32. Qxf5 Rd6 33.
Qxh5 Rf8 34. Qg4+ Kf7 35. Qxe4 Rd4 36. Qe5 Ke8 37. h5 Rf6 38. Qg5 Rdd6 39. g4
Kf7 40. Qe5 Rd3+ 41. Kh4 Rd4 42. Kg5 Rdd6 43. b3 Rde6 44. Qd5 Kg7 45. Kh4 Rd6
46. Qg5+ Kh7 47. b4 Rc6 48. Qe3 Rce6 49. Qd3+ Kg7 50. bxc5 bxc5 51. Qd5 Rc6 52.
g5 Rfe6 53. Qf5 Re1 54. h6+ Kg8 55. Qd5+ Rce6 56. g6 R1e4+ 57. Kg3 Re3+ 58. Kf4
1-0

[Event "Benidorm 2015 - sub2300"]
[Site "Benidorm ESP"]
[Date "2015.12.01"]
[Round "4.6"]
[White "Dinu, Dumitru-Daniel"]
[Black "Belousov, Gennadiy"]
[Result "1-0"]
[WhiteElo "2268"]
[BlackElo "2214"]
[PlyCount "57"]
[EventDate "2015.11.28"]
[EventType "swiss"]
[EventRounds "10"]
[EventCountry "ESP"]
[Source "lmi"]
[SourceDate "2015.11.28"]

1. e4 c5 2. Nf3 d6 3. d4 cxd4 4. Nxd4 Nf6 5. Nc3 a6 6. f4 e5 7. Nf3 Qc7 8. Be2
Be7 9. O-O Nbd7 10. Be3 O-O 11. a4 b6 12. Nd2 Bb7 13. Qe1 d5 14. exd5 Nxd5 15.
Nxd5 Bxd5 16. c4 Bb7 17. fxe5 Nxe5 18. Qf2 Bc5 19. Bxc5 bxc5 20. Qg3 f6 21. Nf3
Nxf3+ 22. Rxf3 Qb6 23. Rb3 Qa7 24. Rd1 Bc6 25. Bf3 Bxa4 26. Rb7 Qxb7 27. Bxb7
Bxd1 28. Bxa8 Rxa8 29. Qd6 1-0

[Event "Benidorm 2015 - sub2300"]
[Site "Benidorm ESP"]
[Date "2015.12.01"]
[Round "4.7"]
[White "Bilquez, Romain"]
[Black "Madina Yadarola, Martin"]
[Result "1/2-1/2"]
[WhiteElo "2178"]
[BlackElo "2237"]
[PlyCount "80"]
[EventDate "2015.11.28"]
[EventType "swiss"]
[EventRounds "10"]
[EventCountry "ESP"]
[Source "lmi"]
[SourceDate "2015.11.28"]

1. e4 c5 2. c3 Nf6 3. e5 Nd5 4. d4 cxd4 5. Nf3 e6 6. cxd4 b6 7. Nc3 Nxc3 8.
bxc3 Qc7 9. c4 d6 10. Bd3 Bb7 11. O-O Nd7 12. Bf4 Be7 13. Re1 O-O 14. exd6 Bxd6
15. Bxd6 Qxd6 16. Be4 Qc7 17. Bxb7 Qxb7 18. Qb3 Rac8 19. a4 Qc7 20. Rec1 e5 21.
d5 Nc5 22. Qc3 f6 23. Nd2 a5 24. Nb3 Na6 25. Qe3 Rfd8 26. f4 exf4 27. Qe6+ Kh8
28. c5 Nxc5 29. Nxc5 bxc5 30. Rab1 c4 31. Rb5 Qa7+ 32. Qb6 Qe7 33. Qd4 f3 34.
gxf3 Qe2 35. Qc3 h6 36. Re1 Qd3 37. Qxd3 cxd3 38. Rd1 Rc3 39. Kf2 Re8 40. d6
Rd8 1/2-1/2

[Event "Benidorm 2015 - sub2300"]
[Site "Benidorm ESP"]
[Date "2015.12.01"]
[Round "4.10"]
[White "Lopez Del Alamo, Antonio"]
[Black "Goormachtigh, Johan"]
[Result "1/2-1/2"]
[WhiteElo "2224"]
[BlackElo "2177"]
[PlyCount "37"]
[EventDate "2015.11.28"]
[EventType "swiss"]
[EventRounds "10"]
[EventCountry "ESP"]
[Source "lmi"]
[SourceDate "2015.11.28"]

1. e4 c5 2. Nf3 e6 3. d4 cxd4 4. Nxd4 Nc6 5. Nc3 Qc7 6. Be3 a6 7. Be2 Nf6 8.
O-O Bb4 9. Na4 O-O 10. Nxc6 bxc6 11. Nb6 Rb8 12. Nxc8 Qxc8 13. e5 Nd5 14. Bc1
Bc5 15. Qd3 Qc7 16. Qe4 f5 17. exf6 Nxf6 18. Qh4 d5 19. Kh1 1/2-1/2

[Event "Benidorm 2015 - sub2300"]
[Site "Benidorm ESP"]
[Date "2015.12.01"]
[Round "4.11"]
[White "Jimenez Ruano, Adrian"]
[Black "Burguete Archel, Eduardo"]
[Result "1/2-1/2"]
[WhiteElo "2056"]
[BlackElo "2219"]
[PlyCount "51"]
[EventDate "2015.11.28"]
[EventType "swiss"]
[EventRounds "10"]
[EventCountry "ESP"]
[Source "lmi"]
[SourceDate "2015.11.28"]

1. d4 Nf6 2. c4 c5 3. d5 e6 4. Nc3 exd5 5. cxd5 d6 6. e4 g6 7. Nf3 Bg7 8. h3
O-O 9. Bd3 b5 10. Nxb5 Re8 11. O-O Nxe4 12. Re1 a6 13. Na3 Nf6 14. Rxe8+ Nxe8
15. Nc4 Bb7 16. Be4 Nd7 17. Qd3 f5 18. Bxf5 gxf5 19. Qxf5 Ndf6 20. Qe6+ Kf8 21.
Ng5 Qe7 22. Bf4 Qxe6 23. Nxe6+ Kg8 24. Rd1 Nxd5 25. Bc1 Kf7 26. Nxg7 1/2-1/2

[Event "Benidorm 2015 - sub2300"]
[Site "Benidorm ESP"]
[Date "2015.12.01"]
[Round "4.12"]
[White "Stanca, Adrian"]
[Black "Amdouni, Zoubaier"]
[Result "1/2-1/2"]
[WhiteElo "2186"]
[BlackElo "2299"]
[PlyCount "35"]
[EventDate "2015.11.28"]
[EventType "swiss"]
[EventRounds "10"]
[EventCountry "ESP"]
[Source "lmi"]
[SourceDate "2015.11.28"]

1. e4 c5 2. Nf3 Nc6 3. Bc4 e6 4. O-O a6 5. a4 d5 6. exd5 exd5 7. Re1+ Be7 8.
Be2 Nf6 9. d4 O-O 10. Be3 Ng4 11. Bf4 Qb6 12. Nc3 Be6 13. a5 Qa7 14. Bc7 cxd4
15. Bb6 Qb8 16. Bxd4 Nxd4 17. Qxd4 Rc8 18. Na4 1/2-1/2

[Event "Benidorm 2015 - sub2300"]
[Site "Benidorm ESP"]
[Date "2015.12.01"]
[Round "4.13"]
[White "Tello Nunez, Alejandro"]
[Black "Gomez Dieguez, David"]
[Result "0-1"]
[WhiteElo "2295"]
[BlackElo "2179"]
[PlyCount "42"]
[EventDate "2015.11.28"]
[EventType "swiss"]
[EventRounds "10"]
[EventCountry "ESP"]
[Source "lmi"]
[SourceDate "2015.11.28"]

1. Nf3 Nf6 2. c4 c5 3. d4 cxd4 4. Nxd4 e5 5. Nb5 d5 6. cxd5 Bc5 7. N5c3 O-O 8.
g3 e4 9. Bg2 Re8 10. e3 Bf5 11. a3 a6 12. h3 h6 13. Nd2 Nbd7 14. g4 Bg6 15. h4
Nb6 16. g5 hxg5 17. hxg5 Nfxd5 18. Ndxe4 Nxc3 19. Qxd8 Raxd8 20. Nxc3 Nc4 21.
b4 Bd4 0-1

[Event "Benidorm 2015 - sub2300"]
[Site "Benidorm ESP"]
[Date "2015.12.02"]
[Round "5.1"]
[White "Lopez Rivera, Jesus"]
[Black "Cano Gimenez, Vicente"]
[Result "0-1"]
[WhiteElo "2163"]
[BlackElo "2254"]
[PlyCount "153"]
[EventDate "2015.11.28"]
[EventType "swiss"]
[EventRounds "10"]
[EventCountry "ESP"]
[Source "lmi"]
[SourceDate "2015.11.28"]

1. e4 c5 2. Nf3 Nc6 3. d4 cxd4 4. Nxd4 g6 5. Nc3 Bg7 6. Nb3 a5 7. a4 Nf6 8. g4
d5 9. exd5 Nb4 10. Bb5+ Bd7 11. g5 Nh5 12. Nc5 Bxb5 13. Nxb5 Qc8 14. Be3 Bxb2
15. Rb1 Bg7 16. c3 Na6 17. d6 O-O 18. Nxa6 bxa6 19. Nc7 Bxc3+ 20. Ke2 exd6 21.
Nxa8 Qc4+ 22. Qd3 Qg4+ 23. Kf1 Qf3 24. Rg1 Nf4 25. Rg3 Qh1+ 26. Rg1 Qxg1+ 27.
Kxg1 Nxd3 28. Rb3 Bb4 29. Rxd3 Rxa8 30. Bd4 f5 31. gxf6 Re8 32. Kg2 Kf7 33. Kf3
Re1 34. Re3 Rxe3+ 35. fxe3 Be1 36. Kg4 h6 37. Bb2 Bb4 38. Kf4 Ke6 39. e4 Bd2+
40. Kg4 Bg5 41. Bc3 Bxf6 42. Bxa5 Be5 43. h3 Bb2 44. Bd2 Ke5 45. Kf3 g5 46. Be1
Kf6 47. Bg3 Be5 48. Be1 h5 49. Bd2 Kg6 50. Bc1 Bf6 51. Ba3 Be5 52. Bc1 Bd4 53.
Ba3 Bc5 54. Bb2 Bb6 55. Ba3 Bc7 56. Bb4 Kf6 57. Bc3+ Ke6 58. Bd2 Bd8 59. Bc3
Bf6 60. Bd2 d5 61. exd5+ Kxd5 62. Be1 Ke5 63. Bf2 Bd8 64. Be3 Kf5 65. Bd2 Bc7
66. Be3 g4+ 67. hxg4+ hxg4+ 68. Kg2 Ke4 69. Bd2 Kd3 70. Be1 Kc4 71. Kf2 Kb3 72.
a5 Ka4 73. Ke3 Kb5 74. Ke4 Bxa5 75. Bg3 Kc6 76. Kf5 Bc7 77. Ke4 0-1

[Event "Benidorm 2015 - sub2300"]
[Site "Benidorm ESP"]
[Date "2015.12.02"]
[Round "5.2"]
[White "Sanchez Jerez, Emilio Miguel"]
[Black "Ustianovich, Nazar"]
[Result "1/2-1/2"]
[WhiteElo "2243"]
[BlackElo "2290"]
[PlyCount "130"]
[EventDate "2015.11.28"]
[EventType "swiss"]
[EventRounds "10"]
[EventCountry "ESP"]
[Source "lmi"]
[SourceDate "2015.11.28"]

1. e4 c6 2. Nc3 d5 3. Nf3 Bg4 4. h3 Bxf3 5. Qxf3 Nf6 6. e5 Nfd7 7. Qg3 e6 8. b3
h5 9. f4 h4 10. Qg4 a6 11. Bb2 c5 12. O-O-O Nc6 13. Re1 Qe7 14. f5 Ndxe5 15.
Qf4 O-O-O 16. fxe6 Qxe6 17. Be2 Bd6 18. Qa4 d4 19. Bc4 Qd7 20. Nd5 Kb8 21. Nb6
Qc7 22. Nd5 Qa5 23. Qxa5 Nxa5 24. Be2 Nac6 25. Rhf1 Ka7 26. c4 Ne7 27. Nf4 g6
28. b4 b6 29. bxc5 bxc5 30. d3 Nf5 31. Nd5 Rb8 32. Kc2 Rb7 33. Ba3 Rc8 34. Bg4
Nxg4 35. hxg4 Ng7 36. Rf6 Ne6 37. Ref1 Rf8 38. Rh1 Rh8 39. Rhf1 Rh7 40. R1f3
Kb8 41. Rf1 Kc8 42. Bc1 Kd8 43. a4 Be5 44. R6f3 Ke8 45. Re1 Bh8 46. Ba3 Kd8 47.
a5 Ng5 48. Rf2 Ne6 49. Rfe2 h3 50. gxh3 Rxh3 51. Nb6 Re3 52. Rxe3 dxe3 53. Rxe3
Bd4 54. Re1 Kc7 55. Bb2 Kc6 56. Bxd4 Nxd4+ 57. Kc3 f5 58. gxf5 gxf5 59. Re8 Rf7
60. Rc8+ Kd6 61. Rd8+ Kc6 62. Rc8+ Kd6 63. Rd8+ Kc6 64. Rc8+ Kd6 65. Rd8+ Ke5
1/2-1/2

[Event "Benidorm 2015 - sub2300"]
[Site "Benidorm ESP"]
[Date "2015.12.02"]
[Round "5.3"]
[White "Bomans, Arno"]
[Black "Picazo Lopez, Juan Antonio"]
[Result "1/2-1/2"]
[WhiteElo "2272"]
[BlackElo "2191"]
[PlyCount "75"]
[EventDate "2015.11.28"]
[EventType "swiss"]
[EventRounds "10"]
[EventCountry "ESP"]
[Source "lmi"]
[SourceDate "2015.11.28"]

1. e4 d5 2. exd5 Nf6 3. Nf3 Nxd5 4. d4 g6 5. c4 Nb6 6. Nc3 Bg7 7. c5 Nd5 8. Bc4
Nxc3 9. bxc3 O-O 10. O-O Nc6 11. Re1 Bg4 12. Bg5 h6 13. Bh4 g5 14. Bg3 e5 15.
d5 Na5 16. Bf1 e4 17. Rxe4 Bxf3 18. Qxf3 f5 19. Ra4 f4 20. Rxa5 fxg3 21. Qxg3
Qxd5 22. Ra4 Qxc5 23. Rc4 Qd6 24. Re1 Rae8 25. Qxd6 cxd6 26. Rxe8 Rxe8 27. Rc7
a5 28. g4 Re1 29. Kg2 Be5 30. Bc4+ Kf8 31. Rf7+ Ke8 32. Rxb7 Bxc3 33. Rh7 Re4
34. Bb5+ Kf8 35. Rxh6 Rxg4+ 36. Kf3 Rf4+ 37. Ke2 Be5 38. Rh3 1/2-1/2

[Event "Benidorm 2015 - sub2300"]
[Site "Benidorm ESP"]
[Date "2015.12.02"]
[Round "5.4"]
[White "Uribe Arteaga, Daniel"]
[Black "Torres Sanchez, Jose"]
[Result "1/2-1/2"]
[WhiteElo "2218"]
[BlackElo "2288"]
[PlyCount "57"]
[EventDate "2015.11.28"]
[EventType "swiss"]
[EventRounds "10"]
[EventCountry "ESP"]
[Source "lmi"]
[SourceDate "2015.11.28"]

1. d4 f5 2. Bg5 h6 3. Bh4 g5 4. Bg3 Nf6 5. e3 d6 6. Nc3 Bg7 7. Qd2 e6 8. O-O-O
Nc6 9. f3 Qe7 10. e4 e5 11. dxe5 Nxe5 12. exf5 Bxf5 13. Bxe5 dxe5 14. Bd3 Rd8
15. Qe3 e4 16. fxe4 O-O 17. Nge2 a6 18. Ng3 Ng4 19. Nxf5 Rxf5 20. Qg3 Rf4 21.
Nd5 Rxd5 22. exd5 Bxb2+ 23. Kxb2 Qb4+ 24. Kc1 Qa3+ 25. Kd2 Qb4+ 26. Ke2 Qe7+
27. Kd2 Qb4+ 28. Ke2 Qe7+ 29. Kd2 1/2-1/2

[Event "Benidorm 2015 - sub2300"]
[Site "Benidorm ESP"]
[Date "2015.12.02"]
[Round "5.5"]
[White "Suarez Uriel, Adrian"]
[Black "Vidal Zamora, Alex"]
[Result "1/2-1/2"]
[WhiteElo "2278"]
[BlackElo "2203"]
[PlyCount "62"]
[EventDate "2015.11.28"]
[EventType "swiss"]
[EventRounds "10"]
[EventCountry "ESP"]
[Source "lmi"]
[SourceDate "2015.11.28"]

1. e4 c5 2. Nf3 e6 3. d4 cxd4 4. Nxd4 a6 5. Bd3 Nc6 6. Nb3 Nf6 7. c4 d5 8. exd5
exd5 9. Qe2+ Qe7 10. Be3 Bg4 11. f3 dxc4 12. Bxc4 Be6 13. N1d2 Bxc4 14. Nxc4
Qe6 15. Nc5 Bxc5 16. Bxc5 Qxe2+ 17. Kxe2 O-O-O 18. Rhd1 Rhe8+ 19. Kf2 Rxd1 20.
Rxd1 Rd8 21. Re1 Kb8 22. a4 b5 23. axb5 axb5 24. Nd6 Nd7 25. b4 Nxc5 26. bxc5
b4 27. Ke3 Na5 28. Kd4 b3 29. Ra1 Nb7 30. Kd5 b2 31. Rb1 Kc7 1/2-1/2